| 000 | 00000nam 2200000zi 4500 |
| 001 | 9.926597 |
| 003 | CaOODSP |
| 005 | 20250113080604 |
| 006 | m o d f |
| 007 | cr bn||||||||| |
| 008 | 230825s1975####oncb o f00| 0|fre d |
| 040 | |aCaOODSP|bfre|cCaOODSP|erda |
| 043 | |an-cn--- |
| 086 | 1 |aRE22-383/1975F-PDF |
| 245 | 00|aStratégie de développement de la région du nouvel aéroport de Montréal : |bpréliminaire. |
| 264 | 1|a[Ottawa]: |bMinistère de l'expansion économique régionale, |c[1975?] |
| 300 | |a1 ressource en ligne (61 pages) : |bcartes |
| 336 | |atexte|btxt|2rdacontent/fre |
| 337 | |ainformatique|bc|2rdamedia/fre |
| 338 | |aressource en ligne|bcr|2rdacarrier/fre |
| 500 | |aÉdition numérisée de l'imprimé [par Innovation, Sciences et Développement économique Canada]. |
| 500 | |a"BANAIM, MEER, SATRA, CDRM." |
| 610 | 26|aAéroport international de Montréal (Mirabel, Québec) |
| 610 | 20|aMontreal International Airport (Mirabel, Quebec). |
| 650 | 6|aAide au développement économique régional|zQuébec (Province)|zMontréal, Région de. |
| 650 | 0|aEconomic assistance, Domestic|zQuébec (Province)|zMontréal Region. |
| 710 | 1 |aCanada. |bMinistère de l'expansion économique régionale, |eorganisme de publication. |
| 856 | 40|qPDF|s1.50 Mo|uhttps://publications.gc.ca/collections/collection_2025/isde-ised/re22/RE22-383-1975-fra.pdf |